Ágyú és harang. Energiatermelő anyagcsere folyamatok a perioperatív időszakban

Elmentve itt :
Bibliográfiai részletek
Szerző: Babik Barna
Dokumentumtípus: Cikk
Megjelent: 2009
Sorozat:ANESZTEZIOLÓGIA ÉS INTENZÍV TERÁPIA 39 No. 2
Tárgyszavak:
mtmt:2108731
Online Access:http://publicatio.bibl.u-szeged.hu/30271
LEADER 00675nab a2200193 i 4500
001 publ30271
005 20240605113307.0
008 240605s2009 hu o 000 hun d
022 |a 0133-5405 
024 7 |a 2108731  |2 mtmt 
040 |a SZTE Publicatio Repozitórium  |b hun 
041 |a hun 
100 1 |a Babik Barna 
245 1 0 |a Ágyú és harang. Energiatermelő anyagcsere folyamatok a perioperatív időszakban  |h [elektronikus dokumentum] /  |c  Babik Barna 
260 |c 2009 
300 |a 117-126 
490 0 |a ANESZTEZIOLÓGIA ÉS INTENZÍV TERÁPIA  |v 39 No. 2 
650 4 |a Klinikai orvostan 
856 4 0 |u http://publicatio.bibl.u-szeged.hu/30271/1/aok_klny_375_09.pdf  |z Dokumentum-elérés